The 2017 Test - Statistics

General Stats
  • This quiz has been taken 14 times
  • The average score is 4 of 10
Answer Stats
Hint Answer % Correct
Our new president Donald Trump
92%
Hurricane that struck TX Harvey
67%
Hurricane that struck FL Irma
67%
A console released by Nintendo Nintendo Switch
58%
Which city had a shooting in October? Las Vegas, NV
42%
Hurricane that struck Puerto Rico Maria
33%
A _______ Happened on August 21 Eclipse
25%
Game of the year 2017 Breath of the wild
8%
A disaster happened in Chicago, IL Pokemon Go Fest
8%
A avatar themed land in Animal Kingdom Pandora
0%
No matching quizzes found
Score Distribution
Percent of People with Each Score
Percentile by Number Answered
Your Score History
You have not taken this quiz